000 00298nam a22001337a 4500
008 170602b xxu||||| |||| 00| 0 eng d
020 _a9780135826522
041 _aeng
080 _a94(7/8)
100 _a17
101 _aSHH
245 _aCANADIAN FOREIGN POLICY
_cCOOPER, A.F
942 _2udc
_cBK
999 _c15660
_d15660